Wymień wszystkie państwa kończące się na -landia. - Statystyki

Ogólne statystyki
  • Ten quiz został rozwiązany 240 razy
    216 od ostatniego zresetowania
  • Średni wynik to 5 z 6
Statystyki odpowiedzi
Kontynent Państwo % Poprawnych
Europa Islandia
91%
Europa Irlandia
88%
Europa Finlandia
81%
Oceania Nowa Zelandia
79%
Europa Holandia
73%
Azja Tajlandia
63%
Nie znaleziono quizów pasujących do podanych kryteriów
Rozkład punktacji
Procent ludzi z każdym wynikiem
Percentyl według liczby udzielonych odpowiedzi
Twoja historia wyników
Nie rozwiązałeś tego quizu od ostatniego zresetowania